000 01083nam a2200277 i 4500
003 EG-ScBUE
005 20240708111259.0
008 100803s1969 ua f b 000 0cara d
017 _a1970 / 2160
040 _aEG-ScBUE
_bara
_erda
_cEG-ScBUE
_dEG-ScBUE
082 0 4 _222
_a933.4
_bط ع ي
100 1 _916937
_aطعيمة، صابر‏،
_eمؤلف.
245 1 0 _aاليهود في موكب التاريخ :
_bدراسة تحليلية منذ عصر أبي الأنبياء /
_cصابر عبد الرحمن طعيمة.
250 _aالطبعة الأولى.
264 1 _aالقاهرة :
_bمكتبة القاهرة الحديثة،
_c1969.
300 _a696 صفحة ؛
_c24 سم
336 _2rdacontent
_aنص
_btxt
337 _aبدون وسيط
_2rdamedia
_bn
338 _aمجلد
_bnc
_2rdacarrier
504 _aيشتمل على إرجاعات ببليوجرافية.
541 _cإهداء
650 7 _916985
_aاليهود
_yتاريخ قديم.
_2BUEsh
650 7 _916986
_aاليهود
_xتراجم.
_2BUEsh
655 _vReading book
942 _2ddc
_cBB
999 _c14589
_d14589